000 00628nam a2200217Ia 4500
001 4210
003 GE_BSU
008 181216s||||||||xx |||||||||||||| ||und||
040 _cGE_BSU
080 _a553.98
100 _aКалинко, М. К.
245 _aНефтегазоносность акватории мира.
245 _cРед. изд-во И. Лемова.
260 _aМ.
260 _bНедра.
260 _c1969.
300 _a224 стр. 21 см. илл. 60 библиогр.
300 _e16 табл.
653 _aНефтегазоносность акватории мира.
942 _cBK
999 _c38220
_d38220